Timothy B. Smith, La France injuste 1975 – 2006 : pourquoi le modèle social ne fonctionne plus, Autrement – Frontières, 2006, 364 p., 22 € (notice n° 1641329)
[ vue normale ]
| 000 -LEADER | |
|---|---|
| fixed length control field | 00654cam a2200157 4500500 |
| 005 - DATE AND TIME OF LATEST TRANSACTION | |
| control field | 20260201110113.0 |
| 041 ## - LANGUAGE CODE | |
| Language code of text/sound track or separate title | fre |
| 042 ## - AUTHENTICATION CODE | |
| Authentication code | dc |
| 100 10 - MAIN ENTRY--PERSONAL NAME | |
| Personal name | Martinot-Lagarde, Pierre |
| Relator term | author |
| 245 00 - TITLE STATEMENT | |
| Title | Timothy B. Smith, La France injuste 1975 – 2006 : pourquoi le modèle social ne fonctionne plus, Autrement – Frontières, 2006, 364 p., 22 € |
| 260 ## - PUBLICATION, DISTRIBUTION, ETC. | |
| Date of publication, distribution, etc. | 2006.<br/> |
| 500 ## - GENERAL NOTE | |
| General note | 92 |
| 520 ## - SUMMARY, ETC. | |
| Summary, etc. | Resumé Théologie de l’espérance et attitudes face au risque. |
| 786 0# - DATA SOURCE ENTRY | |
| Note | Revue Projet | 293 | 4 | 2006-06-01 | p. 091g-094g | 0033-0884 |
| 856 41 - ELECTRONIC LOCATION AND ACCESS | |
| Uniform Resource Identifier | <a href="https://shs.cairn.info/revue-projet-2006-4-page-091g?lang=fr&redirect-ssocas=7080">https://shs.cairn.info/revue-projet-2006-4-page-091g?lang=fr&redirect-ssocas=7080</a> |
Pas d'exemplaire disponible.




Réseaux sociaux